Introduction to statistics for the Behaviorial sciences (Record no. 2727)

MARC details
000 -LEADER
fixed length control field 00420nam a2200157Ia 4500
008 - FIXED-LENGTH DATA ELEMENTS--GENERAL INFORMATION
fixed length control field 230312s9999||||xx |||||||||||||| ||und||
020 ## - INTERNATIONAL STANDARD BOOK NUMBER
International Standard Book Number 0-256-01443-4
082 ## - DEWEY DECIMAL CLASSIFICATION NUMBER
Classification number 300.182
Item number KOL
100 ## - MAIN ENTRY--PERSONAL NAME
Personal name Kolstoe, Ralph H
245 #0 - TITLE STATEMENT
Title Introduction to statistics for the Behaviorial sciences
260 ## - PUBLICATION, DISTRIBUTION, ETC.
Name of publisher, distributor, etc. Dorsey Press
Place of publication, distribution, etc. Illinois
Date of publication, distribution, etc. 1973
300 ## - PHYSICAL DESCRIPTION
Extent 383
546 ## - LANGUAGE NOTE
Language note Eng.
650 ## - SUBJECT ADDED ENTRY--TOPICAL TERM
Topical term or geographic name entry element Management
Form subdivision whole score in X
942 ## - ADDED ENTRY ELEMENTS (KOHA)
Koha item type BOOK

No items available.

Powered by Koha